| 000 | 00486cam a22002051 4500 | ||
|---|---|---|---|
| 001 | sa 67007164 | ||
| 003 | DLC | ||
| 005 | 20260227112413.0 | ||
| 008 | 881102s1966 xx 000 0 urdo | ||
| 010 | _asa 67007164 | ||
| 035 | _a(OCoLC)23540676 | ||
| 040 |
_aDLC _cMiU _dDLC |
||
| 042 | _apremarc | ||
| 050 | 0 | 0 |
_aPK1971 _b.U73 |
| 245 | 0 | 0 | _aUrdū zabān aur hamārī saqāfat. |
| 260 | _c[1966] | ||
| 300 |
_a548 p. _c22 cm. |
||
| 500 | _aRomanized. | ||
| 650 | 0 | _aUrdu philology | |
| 999 |
_c76409 _d76409 |
||